Уголовно-процессуальное право: общие положения (Запись № 11604549)
[ простой вид ]
| 000 -МАРКЕР | |
|---|---|
| контрольное поле | 01783nam1a2200289 i 4500 |
| 001 - ИДЕНТИФИКАТОР ЗАПИСИ | |
| контрольное поле | RU\NLR\BIBL_A\012041458 |
| 005 - ИДЕНТИФИКАТОР ВЕРСИИ | |
| контрольное поле | 20240921120559.0 |
| 035 ## - ДРУГИЕ СИСТЕМНЫЕ НОМЕРА | |
| Идентификатор записи | (NLR Aleph) 012041458 |
| 100 ## - ДАННЫЕ ОБЩЕЙ ОБРАБОТКИ | |
| Данные общей обработки | 20190604g20199999um y0rusy50 ca |
| 101 0# - ЯЗЫК РЕСУРСА | |
| Язык текста, звукозаписи и т.д. | русский |
| 102 ## - СТРАНА ПУБЛИКАЦИИ ИЛИ ПРОИЗВОДСТВА | |
| Страна публикации | Российская Федерация |
| 105 ## - ПОЛЕ КОДИРОВАННЫХ ДАННЫХ: ТЕКСТОВЫЕ МАТЕРИАЛЫ, МОНОГРАФИЧЕСКИЕ | |
| Кодированные данные о монографическом текстовом документе | ||||j|||||||| |
| 200 1# - ЗАГЛАВИЕ И СВЕДЕНИЯ ОБ ОТВЕТСТВЕННОСТИ | |
| Основное заглавие | Уголовно-процессуальное право: общие положения |
| Сведения, относящиеся к заглавию | сборник задач |
| Первые сведения об ответственности | Ю.С. Мандрыка, Т.И. Джелали, Е.В. Денисенко |
| Последующие сведения об ответственности | Федеральное государственное казенное образовательное учреждение высшего образования "Ростовский юридический институт Министерства внутренних дел Российской Федерации" (ФГКОУ ВО РЮИ МВД России) |
| 210 ## - ПУБЛИКАЦИЯ, РАСПРОСТРАНЕНИЕ И ДР. | |
| Место издания, распространения и т.д. | Ростов-на-Дону |
| Имя издателя, распространителя и т. д. | редакционно-издательское отделение НИиРИО ФГКОУ ВО РЮИ МВД России |
| Дата издания, распространения и т.д. | 2019 |
| 215 ## - ФИЗИЧЕСКАЯ ХАРАКТЕРИСТИКА | |
| Размеры | 21 |
| 300 ## - ОБЩИЕ ПРИМЕЧАНИЯ | |
| Текст примечания | В вып. дан.: Ю.С. Мандрыка, Т.И. Джелали, к.ю.н., доц., Е.В. Денисенко, к.ю.н. |
| 606 1# - НАИМЕНОВАНИЕ ТЕМЫ КАК ПРЕДМЕТ | |
| Наименование темы | Уголовно-процессуальное право |
| Формальный подзаголовок | Законодательные материалы |
| Географический подзаголовок | Российская Федерация |
| Системный номер авторитетной/нормативной записи | 2207114 |
| Идентификатор авторитетной/нормативной записи | RU\NLR\AUTH\661326001 |
| 686 1# - ИНДЕКСЫ ДРУГИХ КЛАССИФИКАЦИЙ | |
| Индекс | Х629.3я73-4 |
| 700 #1 - ИМЯ ЛИЦА - ПЕРВИЧНАЯ ОТВЕТСТВЕННОСТЬ | |
| Начальный элемент ввода | Мандрыка |
| Часть имени, кроме начального элемента ввода | Ю. С. |
| Расширение инициалов личного имени | Юлия Сергеевна |
| 701 #1 - ИМЯ ЛИЦА - АЛЬТЕРНАТИВНАЯ ОТВЕТСТВЕННОСТЬ | |
| Начальный элемент ввода | Джелали |
| Часть имени, кроме начального элемента ввода | Т. И. |
| Расширение инициалов личного имени | Татьяна Ивановна |
| 701 #1 - ИМЯ ЛИЦА - АЛЬТЕРНАТИВНАЯ ОТВЕТСТВЕННОСТЬ | |
| Начальный элемент ввода | Денисенко |
| Часть имени, кроме начального элемента ввода | Е. В. |
| Расширение инициалов личного имени | Евгения Викторовна |
| 852 ## - МЕСТОНАХОЖДЕНИЕ И ШИФР ХРАНЕНИЯ | |
| Идентификатор организации | NLR |
| Шифр хранения (Call Number) | 2019-4/4972 |
| 942 ## - ДОПОЛНИТЕЛЬНЫЕ ЭЛЕМЕНТЫ ЗАПИСИ (АБИС) | |
| Тип экземпляра АБИС | Книга |
| 980 ## - КОЛЛЕКЦИЯ | |
| Название коллекции | НБР |
Нет доступных экземпляров.